000 00572nam a22002177a 4500
999 _c6676
_d6676
001 6676
003 BD-JhCC
005 20180403181847.0
008 180128b xxu||||| |||| 00| 0 eng d
035 _a(BD-JhCC)6676
040 _aBD-JhCC
_dBD-JhCC
041 _aeng
082 _a425
_bCOM 2004
245 _aCommunicative English :
_b1st Paper IX - X /
_cMd. Rafiqul Alam...[ et. All.].
260 _aDhaka :
_bSonali Sopan,
_c2004.
300 _a545 p. :
_c21 cm.
650 _aEnglish Language
700 _aAlam, Md. Rafiqul
942 _2ddc
_cBK